Statistics for Country flags: Red, Gold and Blue

Click here to take the quiz!

General Stats

  • This quiz has been taken 61 times
  • The average score is 5 of 9

Answer Stats

Country% Correct
Romania
100%
Chad
92%
Moldova
77%
Andorra
72%
Colombia
53%
Ecuador
45%
Armenia
40%
Mongolia
13%
Dem. Rep of Congo
8%

Score Distribution

Percentile by Number Answered

Percent of People with Each Score

Your Score History

You have not taken this quiz